Statistics for College Football Matchups: Washington

Click here to take the quiz!

General Stats

  • This quiz has been taken 9 times
  • The average score is 14 of 16

Answer Stats

# of GamesOpponentLast Meeting% Correct
38Arizona09/30/2023
100%
39Arizona State10/21/2023
100%
102California09/23/2023
100%
21Colorado11/19/2022
100%
116Oregon12/01/2023
100%
108Oregon State11/18/2023
100%
94Stanford10/28/2023
100%
76UCLA09/30/2022
100%
87USC11/04/2023
100%
16Utah11/11/2023
100%
115Washington State11/25/2023
100%
14Michigan01/08/2024
88%
12Ohio State01/01/2019
75%
41Idaho09/10/2016
63%
20Montana09/04/2021
50%
17Minnesota10/01/1977
25%

Score Distribution

Percentile by Number Answered

Percent of People with Each Score

Your Score History

You have not taken this quiz